00949nam a2200229 a 4500001001000000003000900010005001700019008004100036040002500077082001700102111007800119245008400197260003400281300002000315590002600335610005100361650005400412710005100466942001300517952017200530999001700702000047314DO-SdBNP20260219105724.0110325s1970 dr 000 0 spa d aDO-SdBNPbspacBNPHU a378.8bA798u2 aAsamblea General UDUALn(6ad1970: 17-22 de agostocSanto Domingo)97498513aLa UASD y la VI Asamblea General :b17 al 22 de agosto 1970 Santo Domingo R. D. aSanto Domingo :bUASD,c1970. a20 p. ;c24 cm. aInventariado, 2019/VM14aUniversidad Autónoma de Santo Domingo972951 0aEducación superiorzRepública Dominicana97301 aUniversidad Autónoma de Santo Domingo972951 2ddccLF2 0010718PDaPDbPDcHDd2018-05-02iLF1l0o378.8 A798up47314-10r2020-06-25w2020-06-25yLFPDzperteneció a la biblioteca personal de Barbara SuncarZNo se presta c46802d46802